Pilotos de Fórmula Uno 2026 - Estadísticas

Estadísticas generales
  • Esta prueba ha sido intentada 59 veces
  • La puntuación promedio es 19 de 22
Estadísticas de respuestas
Team Respuesta % Correcto
Mclaren Mastercard F1 Team Lando Norris
100%
Oracle Red Bull Racing Max Verstappen
98%
Mclaren Mastercard F1 Team Oscar Piastri
98%
Scuderia Ferrari HP Lewis Hamilton
96%
Atlassian Williams Racing Carlos Sainz
94%
Aston Martin Aramco F1 Team Fernando Alonso
94%
Mercedes-AMG Petronas F1 Team Kimi Antonelli
90%
Scuderia Ferrari HP Charles Leclerc
88%
Mercedes-AMG Petronas F1 Team George Russell
88%
BWT Alpine F1 Team Pierre Gasly
88%
BWT Alpine F1 Team Franco Colapinto
85%
Cadillac Formula 1 Team Sergio Perez
85%
MoneyGram Haas F1 Team Esteban Ocon
83%
Aston Martin Aramco F1 Team Lance Stroll
83%
Revolut Audi F1 Team Nico Hulkenberg
83%
Cadillac Formula 1 Team Valtteri Bottas
83%
Atlassian Williams Racing Alexander Albon
79%
Oracle Red Bull Racing Isack Hadjar
79%
MoneyGram Haas F1 Team Oliver Bearman
79%
Revolut Audi F1 Team Gabriel Bortoleto
77%
Visa Cash App Racing Bulls F1 Team Liam Lawson
77%
Visa Cash App Racing Bulls F1 Team Arvid Lindblad
50%
No se encontraron pruebas coincidentes
Distribución de puntuación
Porcentaje de gente con cada puntuación
Porcentaje por número respondido
Historial de tus puntuaciones
No has intentado esta prueba.